| 000 | 00555cam a2200205 a 4500 | ||
|---|---|---|---|
| 001 | sa 64008621 | ||
| 003 | DLC | ||
| 005 | 20260227112055.0 | ||
| 008 | 801219r19561952pk 000 f urdo | ||
| 010 | _asa 64008621 | ||
| 040 |
_aDLC _cDLC |
||
| 050 | 0 | 0 |
_aPK2199.A285 _bA67 1956 |
| 100 | 0 |
_aAe. Ār. K̲h̲ātūn, _d1900-1965. |
|
| 245 | 1 | 0 |
_aAfshān / _cAe. Ār. K̲h̲ātūn. |
| 260 |
_aLāhaur : _bGoshah-yi Adab, _c1956. |
||
| 300 |
_a666 p. ; _c19 cm. |
||
| 500 | _aNovel. | ||
| 546 | _aIn Urdu. | ||
| 500 | _aReprint. Originally published: 1952. | ||
| 999 |
_c60940 _d60940 |
||